Urban retrofitting for sustainability (Record no. 115180)

MARC details
000 -LEADER
fixed length control field 00979cam a22002535a 4500
001 - CONTROL NUMBER
control field L158166
008 - FIXED-LENGTH DATA ELEMENTS--GENERAL INFORMATION
fixed length control field 140929s2014 xxk f 000 0 eng d
020 ## - INTERNATIONAL STANDARD BOOK NUMBER
International Standard Book Number 9780415642514
035 ## - SYSTEM CONTROL NUMBER
System control number (Sirsi) u158166
041 0# - LANGUAGE CODE
Language code of text/sound track or separate title eng
050 04 - LIBRARY OF CONGRESS CALL NUMBER
Classification number 696.9
100 1# - MAIN ENTRY--PERSONAL NAME
Personal name Dixon, Tim
245 00 - TITLE STATEMENT
Title Urban retrofitting for sustainability
Remainder of title Mapping the transition to 2050
260 ## - PUBLICATION, DISTRIBUTION, ETC.
Place of publication, distribution, etc. London
Name of publisher, distributor, etc. Routledge
Date of publication, distribution, etc. 2014
300 ## - PHYSICAL DESCRIPTION
Extent 286p, 24cm
520 ## - SUMMARY, ETC.
Summary, etc. Explains the importance of the tranformation of the current building stock and urban infrastructure in the transition to a low carbon future by 2050. Brings together interdisciplinary research contributions from leading international experts to focus on key issues such as systems innovation, financing tools. governance, and energy and water management.
590 ## - LOCAL NOTE (RLIN)
Local note KA
651 #4 - SUBJECT ADDED ENTRY--GEOGRAPHIC NAME
Geographic name International
690 ## - LOCAL SUBJECT ADDED ENTRY--TOPICAL TERM (OCLC, RLIN)
Topical term or geographic name as entry element Sustainability
9 (RLIN) 6271
700 1# - ADDED ENTRY--PERSONAL NAME
Personal name Eames, Malcolm
700 1# - ADDED ENTRY--PERSONAL NAME
Personal name Hunt, Miriam
700 1# - ADDED ENTRY--PERSONAL NAME
Personal name Lannon, Simon
942 ## - ADDED ENTRY ELEMENTS (KOHA)
Suppress in OPAC 0
Holdings
Withdrawn status Lost status Source of classification or shelving scheme Damaged status Not for loan Home library Current library Shelving location Date acquired Total Checkouts Full call number Barcode Date last seen Copy number Price effective from Koha item type
    Dewey Decimal Classification     London London Books 29/09/2014   696.9 30075226 06/08/2019 1 06/08/2019 Book